| 000 | 00622nam a22001337a 4500 | ||
|---|---|---|---|
| 040 | _cRUA | ||
| 082 | _aAGR PHO 2022 B1-546 Or. | ||
| 100 | _aPHO KIMLENG,ផូ គីមលេង | ||
| 245 | _aCOMPARISON OF DIFFERENT RATES OF SEMI-ORGANIC 5-5-5 FERTILIZER ON LETTUCE (Lactuca sativa L.),ប្រៀបធៀបកម្រិតជីពាក់កណ្តាលសរីរាង្គ៥-៥-៥លើដំណាំសាលាដ | ||
| 260 |
_aphnom penh _brua _c2022 |
||
| 300 |
_ax.41p. _bill. _c29cm. |
||
| 856 | _uhttps://drive.google.com/file/d/1fWcxWgvYOHjX4mhTvrfwflH7FEJHN7h3/view?usp=sharing | ||
| 942 | _cAGR | ||
| 999 |
_c23564 _d23564 |
||